[Event "IRI-ch (Women)"]
[Site "Tehran"]
[Date "2014.12.08"]
[Round "3"]
[White "Hamedi Nia, Vesal"]
[Black "Ansari, Fateme"]
[Result "1-0"]
[WhiteElo "1742"]
[BlackElo "1747"]
[PlyCount "107"]
[EventDate "2014.12.07"]
[EventType "swiss"]
[EventRounds "11"]
[EventCountry "IRI"]
[SourceTitle "CBM 163 Extra"]
[Source "ChessBase"]
[SourceDate "2014.12.23"]
[SourceVersion "1"]
[SourceVersionDate "2014.12.23"]
[SourceQuality "1"]

1. d4 Nf6 2. c4 e6 3. Nc3 Bb4 4. Qc2 0-0 5. Bg5 h6 6. Bh4 b6 7. e4 g5 8. Bg3 d5 9. exd5 exd5 10. 0-0-0 Bxc3 11. Qxc3 Ne4 12. Qc2 Nxg3 13. hxg3 Kg7 14. Nf3 Bb7 15. Ne5 Nd7 16. Ng4 Rh8 17. Qf5 h5 18. Ne3 dxc4 19. Bxc4 f6 20. Rde1 Nf8 21. Qd3 Bc8 22. d5 Ng6 23. Nf5+ Bxf5 24. Qxf5 Ne5 25. Bb3 c6 26. f4 Ng6 27. fxg5 cxd5 28. Bc2 Nf8 29. gxf6+ Qxf6 30. Rxh5 Rxh5 31. Qxh5 Qh6+ 32. Qxh6+ Kxh6 33. Re7 Kg5 34. Re5+ Kg4 35. Rxd5 Kxg3 36. Rg5+ Kf4 37. Rg8 Ke3 38. g4 Rd8 39. g5 Ne6 40. Rxd8 Nxd8 41. Bb3 Nc6 42. g6 Ne7 43. g7 b5 44. g8Q Nxg8 45. Bxg8 a5 46. Kc2 Kd4 47. Kb3 Kc5 48. a3 Kd4 49. Bf7 Kc5 50. Kc3 b4+ 51. axb4+ axb4+ 52. Kb3 Kb5 53. Bc4+ Kc5 54. Be2 1-0